000 00922nas a2200301 4500
001 BR0301116
003 BR-BrBNA
005 20231205103618.0
007 ta
008 230509b bl.|||p| |||| 00| 00por d
040 _aBR-BrBNA
_bpor
_cBiblioteca Nacional de Agricultura
041 _a(Pt)
072 _aP33
100 1 _aRegitano, J.B.
100 1 _aPrata, F.
100 1 _aDias, N.M.P.
100 1 _aLavorenti, A.
100 1 _aTornisielo, V.L.
245 1 _aSorção-dessorção do fungicida clorotalonil em solos com diferentes teores de matéria orgânica
650 _aSOLO
650 _aFUNGICIDA
650 _aSORÇÃO
650 _aMATÉRIA ORGÂNICA
650 _aPROPRIEDADE FÍSICO-QUÍMICA
773 0 _tRevista Brasileira de Ciência do Solo (Brazil)
_xISSN 0100-0683
_g(Jan-Mar 2002), v. 26(1) p. 267-274
_wBR0301116
909 _a202311
_bLúcia
_c55
_dLúcia Elande
942 _2AGRIS
_n0
_cANA
999 _c173807
_d173807